[Event "Campeonato España Sub 16"]
[Site "Salobreña"]
[Date "2017.07.28"]
[Round "8"]
[White "Baquedano Coarasa, Pablo"]
[Black "Llados Clos, Jordi"]
[Result "0-1"]
[Board "19"]
[WhiteClock "1:30"]
[WhiteElo "2151"]
[WhiteCountry "ESP"]
[WhiteFideId "32024991"]
[WhiteEloChange "-16"]
[BlackClock "1:30"]
[BlackElo "1895"]
[BlackCountry "ESP"]
[BlackFideId "32066350"]
[BlackEloChange "16"]

1. d4 {[%clk 1:30:00]} Nf6 {[%clk 1:27:00]} 2. c4 {[%clk 1:31:00]} g6 {[%clk
1:28:00]} 3. Nc3 {[%clk 1:31:00]} Bg7 {[%clk 1:28:00]} 4. e4 {[%clk 1:32:00]} d6
{[%clk 1:29:00]} 5. Nge2 {[%clk 1:32:00]} O-O {[%clk 1:29:00]} 6. Ng3 {[%clk
1:32:00]} e5 {[%clk 1:29:00]} 7. d5 {[%clk 1:32:00]} a5 {[%clk 1:27:00]} 8. Be2
{[%clk 1:33:00]} Na6 {[%clk 1:27:00]} 9. h4 {[%clk 1:33:00]} h5 {[%clk 1:27:00]}
10. Bg5 {[%clk 1:33:00]} Bd7 {[%clk 1:26:00]} 11. Qd2 {[%clk 1:33:00]} Nc5 {[%clk
1:22:00]} 12. f3 {[%clk 1:14:00]} Qc8 {[%clk 1:13:00]} 13. Be3 {[%clk 1:12:00]}
b6 {[%clk 1:13:00]} 14. O-O {[%clk 1:12:00]} Kh7 {[%clk 1:10:00]} 15. b3 {[%clk
1:09:00]} Ng8 {[%clk 1:10:00]} 16. Qc2 {[%clk 1:09:00]} Bh6 {[%clk 1:09:00]} 17.
Bf2 {[%clk 1:08:00]} Qd8 {[%clk 1:08:00]} 18. Nh1 {[%clk 0:59:00]} f5 {[%clk
1:07:00]} 19. a3 {[%clk 0:59:00]} f4 {[%clk 1:05:00]} 20. b4 {[%clk 0:59:00]} Nb7
{[%clk 1:05:00]} 21. Rfc1 {[%clk 0:52:00]} g5 {[%clk 1:02:00]} 22. c5 {[%clk
0:48:00]} bxc5 {[%clk 0:56:00]} 23. bxc5 {[%clk 0:48:00]} g4 {[%clk 0:26:00]} 24.
c6 {[%clk 0:47:00]} g3 {[%clk 0:26:00]} 25. Nxg3 {[%clk 0:46:00]} fxg3 {[%clk
0:26:00]} 26. Bxg3 {[%clk 0:46:00]} Bxc1 {[%clk 0:25:00]} 27. Rxc1 {[%clk
0:46:00]} Nc5 {[%clk 0:24:00]} 28. cxd7 {[%clk 0:46:00]} Nf6 {[%clk 0:21:00]} 29.
Na4 {[%clk 0:41:00]} Nxa4 {[%clk 0:20:00]} 30. Qxa4 {[%clk 0:40:00]} Nxd7 {[%clk
0:20:00]} 31. Qc6 {[%clk 0:40:00]} Rg8 {[%clk 0:16:52]} 32. Bf2 {[%clk 0:40:00]}
Nc5 {[%clk 0:15:11]} 33. Bxc5 {[%clk 0:39:00]} dxc5 {[%clk 0:15:36]} 34. Qxc5
{[%clk 0:16:29]} Rg7 {[%clk 0:13:41]} 35. Qc6 {[%clk 0:16:55]} Rb8 {[%clk
0:12:55]} 36. Qc3 {[%clk 0:13:16]} Qxh4 {[%clk 0:11:50]} 37. Qxe5 {[%clk
0:13:38]} Rxg2+ {[%clk 0:11:46]} 38. Kxg2 {[%clk 0:13:40]} Rg8+ {[%clk 0:12:09]}
39. Kf1 {[%clk 0:13:01]} Qh1+ {[%clk 0:12:23]} 40. Kf2 {[%clk 0:13:25]} Rg2+
{[%clk 0:12:43]} 41. Ke3 {[%clk 0:13:00]} Qxc1+ {[%clk 0:13:06]} 42. Kd3 {[%clk
0:13:17]} Qxa3+ {[%clk 0:12:41]} 43. Kc4 {[%clk 0:13:03]} Qb4+ {[%clk 0:11:56]}
44. Kd3 {[%clk 0:13:31]} Qb3+ {[%clk 0:12:08]} 45. Kd2 {[%clk 0:12:46]} Qa2+
{[%clk 0:10:06]} 46. Kc1 {[%clk 0:12:34]} Qxe2 {[%clk 0:08:54]} 47. Qf5+ {[%clk
0:12:58]} Kg7 {[%clk 0:08:52]} 48. Qe5+ {[%clk 0:13:12]} Kf7 {[%clk 0:08:55]} 49.
Qe6+ {[%clk 0:13:29]} Kf8 {[%clk 0:08:29]} 50. Qc8+ {[%clk 0:13:28]} Ke7 {[%clk
0:08:45]} 51. Qxc7+ {[%clk 0:13:50]} Kf6 {[%clk 0:09:04]} 52. Qf4+ {[%clk
0:14:11]} Ke7 {[%clk 0:08:30]} 53. Qc7+ {[%clk 0:14:34]} Ke8 {[%clk 0:08:55]} 54.
Qc8+ {[%clk 0:14:50]} Kf7 {[%clk 0:09:09]} 55. Qe6+ {[%clk 0:14:50]} Kf8 {[%clk
0:09:29]} 56. Qf6+ {[%clk 0:15:05]} Kg8 {[%clk 0:09:54]} 57. Qe6+ {[%clk
0:15:18]} Kg7 {[%clk 0:10:12]} 58. Qe5+ {[%clk 0:15:21]} Kh7 {[%clk 0:10:33]} 59.
Qf5+ {[%clk 0:15:32]} Rg6 {[%clk 0:10:37]} 60. Qf7+ {[%clk 0:15:41]} Kh6 {[%clk
0:10:53]} 61. Qf4+ {[%clk 0:16:01]} Kg7 {[%clk 0:11:09]} 62. Qc7+ {[%clk
0:15:11]} Kg8 {[%clk 0:11:26]} 63. Qc8+ {[%clk 0:14:45]} Kh7 {[%clk 0:11:45]} 64.
Qf5 {[%clk 0:13:55]} Qe1+ {[%clk 0:09:35]} 65. Kc2 {[%clk 0:14:18]} Qg3 {[%clk
0:09:45]} 66. Qf7+ {[%clk 0:14:11]} Kh6 {[%clk 0:09:50]} 67. Qf8+ {[%clk
0:14:26]} Kg5 {[%clk 0:10:11]} 68. Qe7+ {[%clk 0:14:28]} Kf4 {[%clk 0:10:14]} 69.
Kd2 {[%clk 0:13:42]} Kxf3 {[%clk 0:10:14]} 0-1

[Event "Campeonato España Sub 16"]
[Site "Salobreña"]
[Date "2017.07.28"]
[Round "8"]
[White "Medina Martin, Alberto"]
[Black "Garcia Jimenez, Santiago"]
[Result "0-1"]
[Board "20"]
[WhiteClock "1:30"]
[WhiteElo "1882"]
[WhiteCountry "ESP"]
[WhiteFideId "32067968"]
[WhiteEloChange "-6"]
[BlackClock "1:30"]
[BlackElo "2040"]
[BlackCountry "ESP"]
[BlackFideId "24543241"]
[BlackEloChange "6"]

1. d4 {[%clk 1:30:00]} Nf6 {[%clk 1:30:00]} 2. c4 {[%clk 1:31:00]} e6 {[%clk
1:31:00]} 3. Nc3 {[%clk 1:31:00]} Bb4 {[%clk 1:31:00]} 4. f3 {[%clk 1:31:00]} O-O
{[%clk 1:31:00]} 5. e4 {[%clk 1:31:00]} d5 {[%clk 1:32:00]} 6. e5 {[%clk
1:31:00]} Nfd7 {[%clk 1:32:00]} 7. a3 {[%clk 1:31:00]} Bxc3+ {[%clk 1:32:00]} 8.
bxc3 {[%clk 1:32:00]} f6 {[%clk 1:32:00]} 9. exf6 {[%clk 1:28:00]} Qxf6 {[%clk
1:31:00]} 10. Bd3 {[%clk 1:26:00]} Nb6 {[%clk 1:14:00]} 11. cxd5 {[%clk 1:24:00]}
exd5 {[%clk 1:15:00]} 12. Ne2 {[%clk 1:25:00]} Bf5 {[%clk 1:15:00]} 13. O-O
{[%clk 1:25:00]} Bxd3 {[%clk 1:13:00]} 14. Qxd3 {[%clk 1:25:00]} Nc6 {[%clk
1:12:00]} 15. f4 {[%clk 1:20:00]} Ne7 {[%clk 1:03:00]} 16. Ng3 {[%clk 1:20:00]}
Nc4 {[%clk 0:58:00]} 17. f5 {[%clk 1:19:00]} c6 {[%clk 0:46:00]} 18. Ra2 {[%clk
1:18:00]} Rae8 {[%clk 0:42:00]} 19. Raf2 {[%clk 1:18:00]} Nd6 {[%clk 0:32:00]}
20. Bf4 {[%clk 0:58:00]} Ne4 {[%clk 0:30:00]} 21. Nxe4 {[%clk 0:58:00]} dxe4
{[%clk 0:31:00]} 22. Qxe4 {[%clk 0:52:00]} Qxf5 {[%clk 0:31:00]} 23. Qxf5 {[%clk
0:51:00]} Nxf5 {[%clk 0:29:00]} 24. Bb8 {[%clk 0:49:00]} Ne3 {[%clk 0:16:30]} 25.
Rxf8+ {[%clk 0:49:00]} Rxf8 {[%clk 0:16:55]} 26. Rxf8+ {[%clk 0:46:00]} Kxf8
{[%clk 0:17:18]} 27. Bxa7 {[%clk 0:46:00]} Kf7 {[%clk 0:14:59]} 28. Kf2 {[%clk
0:45:00]} Nd1+ {[%clk 0:15:03]} 29. Ke2 {[%clk 0:46:00]} Nxc3+ {[%clk 0:15:28]}
30. Kd3 {[%clk 0:46:00]} Nd5 {[%clk 0:15:37]} 31. g3 {[%clk 0:46:00]} Ke6 {[%clk
0:14:41]} 32. Bb8 {[%clk 0:46:00]} Kf5 {[%clk 0:11:44]} 33. h3 {[%clk 0:46:00]}
h5 {[%clk 0:11:50]} 34. Be5 {[%clk 0:46:00]} g6 {[%clk 0:11:58]} 35. Bd6 {[%clk
0:44:00]} b5 {[%clk 0:07:26]} 36. Bb8 {[%clk 0:43:00]} g5 {[%clk 0:03:16]} 37.
Be5 {[%clk 0:43:00]} c5 {[%clk 0:03:15]} 38. g4+ {[%clk 0:43:00]} hxg4 {[%clk
0:03:09]} 39. hxg4+ {[%clk 0:43:00]} Ke6 {[%clk 0:03:17]} 40. dxc5 {[%clk
0:40:00]} Kxe5 {[%clk 0:03:31]} 41. c6 {[%clk 0:40:00]} Nf4+ {[%clk 0:03:06]} 42.
Kc3 {[%clk 0:40:00]} Kd6 {[%clk 0:03:28]} 43. Kb4 {[%clk 0:40:00]} Kxc6 {[%clk
0:03:52]} 44. a4 {[%clk 0:40:00]} bxa4 {[%clk 0:04:16]} 45. Kxa4 {[%clk 0:41:00]}
Kd5 {[%clk 0:04:16]} 0-1

[Event "Campeonato España Sub 16"]
[Site "Salobreña"]
[Date "2017.07.28"]
[Round "8"]
[White "Gonzalez Eiris, Daniel"]
[Black "Sama Salinas, Alejandro"]
[Result "1/2-1/2"]
[Board "21"]
[WhiteClock "n/a"]
[WhiteElo "1799"]
[WhiteCountry "ESP"]
[WhiteFideId "32066643"]
[WhiteEloChange "5"]
[BlackClock "n/a"]
[BlackElo "2000"]
[BlackCountry "ESP"]
[BlackFideId "32086318"]
[BlackEloChange "-5"]

1. d4 {[%clk 1:30:30]} g6 {[%clk 1:30:30]} 2. Bf4 {[%clk 1:30:30]} Bg7 {[%clk
1:30:30]} 3. Nc3 {[%clk 1:30:30]} d6 {[%clk 1:30:30]} 4. Qd2 {[%clk 1:30:30]} a6
{[%clk 1:30:30]} 5. e4 {[%clk 1:30:30]} b5 {[%clk 1:30:30]} 6. a3 {[%clk
1:30:30]} Bb7 {[%clk 1:30:30]} 7. h4 {[%clk 1:30:30]} h5 {[%clk 1:30:30]} 8. g3
{[%clk 1:30:30]} Nd7 {[%clk 1:30:30]} 9. Bh3 {[%clk 1:30:30]} Nb6 {[%clk
1:30:30]} 10. O-O-O {[%clk 1:30:30]} Nc4 {[%clk 1:30:30]} 11. Qe2 {[%clk
1:30:30]} c5 {[%clk 1:30:30]} 12. Nf3 {[%clk 1:30:30]} cxd4 {[%clk 1:30:30]} 13.
Nxd4 {[%clk 1:30:30]} Qb6 {[%clk 1:30:30]} 14. Be3 {[%clk 1:30:30]} Nxe3 {[%clk
1:30:30]} 15. Qxe3 {[%clk 1:30:30]} Bh6 {[%clk 1:30:30]} 16. f4 {[%clk 1:30:30]}
e5 {[%clk 1:30:30]} 17. Nf5 {[%clk 1:30:30]} Qxe3+ {[%clk 1:30:30]} 18. Nxe3
{[%clk 1:30:30]} exf4 {[%clk 1:30:30]} 19. Ned5 {[%clk 1:30:30]} fxg3+ {[%clk
1:30:30]} 20. Kb1 {[%clk 1:30:30]} Rd8 {[%clk 1:30:30]} 21. Rhg1 {[%clk 1:30:30]}
Bg7 {[%clk 1:30:30]} 22. Rxg3 {[%clk 1:30:30]} Ne7 {[%clk 1:30:30]} 23. Rgd3
{[%clk 1:30:30]} Nxd5 {[%clk 1:30:30]} 24. Nxd5 {[%clk 1:30:30]} Bxd5 {[%clk
1:30:30]} 25. Rxd5 {[%clk 1:30:30]} Be5 {[%clk 1:30:30]} 26. R1d3 {[%clk
1:30:30]} f6 {[%clk 1:30:30]} 27. a4 {[%clk 1:30:30]} bxa4 {[%clk 1:30:30]} 28.
Ra5 {[%clk 1:30:30]} Rb8 {[%clk 1:30:30]} 29. c3 {[%clk 1:30:30]} Rb6 {[%clk
1:30:30]} 30. Rxa4 {[%clk 1:30:30]} O-O {[%clk 1:30:30]} 31. Be6+ {[%clk
1:30:30]} Kg7 {[%clk 1:30:30]} 32. Bc4 {[%clk 1:30:30]} Ra8 {[%clk 1:30:30]} 33.
Rh3 {[%clk 1:30:30]} Kh6 {[%clk 1:30:30]} 34. Be2 {[%clk 1:30:30]} a5 {[%clk
1:30:30]} 35. Kc2 {[%clk 1:30:30]} Rab8 {[%clk 1:30:30]} 36. Ra2 {[%clk 1:30:30]}
a4 {[%clk 1:30:30]} 37. Bd1 {[%clk 1:30:30]} Bf4 {[%clk 1:30:30]} 38. Kb1 {[%clk
1:30:30]} a3 {[%clk 1:30:30]} 39. b4 {[%clk 1:30:30]} Re8 {[%clk 1:30:30]} 40.
Bf3 {[%clk 1:30:30]} Ra6 {[%clk 1:30:30]} 41. Kc2 {[%clk 1:30:30]} Rc8 {[%clk
1:30:30]} 42. Kb3 {[%clk 1:30:30]} Rac6 {[%clk 1:30:30]} 43. Bg2 {[%clk 1:30:30]}
Be5 {[%clk 1:30:30]} 44. Rc2 {[%clk 1:30:30]} Bxc3 {[%clk 1:30:30]} 45. e5 {[%clk
1:30:30]} a2 {[%clk 1:30:30]} 1/2-1/2

[Event "Campeonato España Sub 16"]
[Site "Salobreña"]
[Date "2017.07.28"]
[Round "8"]
[White "Munoz Garcia, Jesus"]
[Black "Amador Garcia, Ismael"]
[Result "0-1"]
[Board "22"]
[WhiteClock "1:30"]
[WhiteElo "1994"]
[WhiteCountry "ESP"]
[WhiteFideId "32064543"]
[WhiteEloChange "-13"]
[BlackClock "1:30"]
[BlackElo "1877"]
[BlackCountry "ESP"]
[BlackFideId "32040920"]
[BlackEloChange "13"]

1. e4 {[%clk 1:30:00]} c5 {[%clk 1:30:00]} 2. d4 {[%clk 1:31:00]} cxd4 {[%clk
1:30:00]} 3. c3 {[%clk 1:31:00]} d3 {[%clk 1:31:00]} 4. Bxd3 {[%clk 1:31:00]} Nc6
{[%clk 1:31:00]} 5. Nf3 {[%clk 1:30:00]} g6 {[%clk 1:31:00]} 6. c4 {[%clk
1:30:00]} Bg7 {[%clk 1:31:00]} 7. O-O {[%clk 1:30:00]} d6 {[%clk 1:31:00]} 8. h3
{[%clk 1:30:00]} Nf6 {[%clk 1:31:00]} 9. Nc3 {[%clk 1:30:00]} O-O {[%clk
1:30:00]} 10. Be3 {[%clk 1:29:00]} Nd7 {[%clk 1:29:00]} 11. Rc1 {[%clk 1:28:00]}
Nc5 {[%clk 1:26:00]} 12. Qd2 {[%clk 1:22:00]} a5 {[%clk 1:22:00]} 13. b3 {[%clk
1:20:00]} Bd7 {[%clk 1:02:00]} 14. Bb1 {[%clk 1:18:00]} b6 {[%clk 0:58:00]} 15.
Bh6 {[%clk 1:12:00]} a4 {[%clk 0:54:00]} 16. Bxg7 {[%clk 1:06:00]} Kxg7 {[%clk
0:53:00]} 17. Qb2 {[%clk 1:05:00]} axb3 {[%clk 0:44:00]} 18. axb3 {[%clk
1:04:00]} f6 {[%clk 0:42:00]} 19. Nd5 {[%clk 0:55:00]} e5 {[%clk 0:39:00]} 20.
Rfd1 {[%clk 0:54:00]} Ne6 {[%clk 0:38:00]} 21. Nc3 {[%clk 0:46:00]} Ncd4 {[%clk
0:33:00]} 22. Nxd4 {[%clk 0:45:00]} Nxd4 {[%clk 0:33:00]} 23. Ne2 {[%clk
0:45:00]} Nxe2+ {[%clk 0:33:00]} 24. Qxe2 {[%clk 0:45:00]} Bc6 {[%clk 0:31:00]}
25. Qd2 {[%clk 0:42:00]} Ra7 {[%clk 0:31:00]} 26. Qb4 {[%clk 0:42:00]} Rd7 {[%clk
0:31:00]} 27. f3 {[%clk 0:34:00]} Qb8 {[%clk 0:30:00]} 28. Bd3 {[%clk 0:32:00]}
Rfd8 {[%clk 0:28:00]} 29. Kh1 {[%clk 0:30:00]} Kf7 {[%clk 0:26:00]} 30. Ra1
{[%clk 0:28:00]} Ra7 {[%clk 0:26:00]} 31. Qc3 {[%clk 0:27:00]} Bd7 {[%clk
0:23:00]} 32. Bc2 {[%clk 0:25:00]} Ke7 {[%clk 0:20:00]} 33. b4 {[%clk 0:24:00]}
Rc8 {[%clk 0:19:07]} 34. Bb3 {[%clk 0:21:00]} Rxa1 {[%clk 0:17:48]} 35. Rxa1
{[%clk 0:21:00]} Qc7 {[%clk 0:17:03]} 36. Qe3 {[%clk 0:19:46]} Be6 {[%clk
0:15:27]} 37. Qh6 {[%clk 0:16:52]} Ke8 {[%clk 0:13:31]} 38. Rc1 {[%clk 0:16:48]}
b5 {[%clk 0:12:50]} 39. Qh4 {[%clk 0:15:26]} Qf7 {[%clk 0:12:42]} 40. Rd1 {[%clk
0:15:06]} bxc4 {[%clk 0:12:39]} 41. Ba4+ {[%clk 0:15:12]} Bd7 {[%clk 0:09:19]}
42. Bxd7+ {[%clk 0:14:24]} Kxd7 {[%clk 0:09:17]} 43. Qf2 {[%clk 0:14:16]} Qe7
{[%clk 0:07:36]} 44. b5 {[%clk 0:12:46]} Ke8 {[%clk 0:06:25]} 45. Ra1 {[%clk
0:12:20]} c3 {[%clk 0:05:46]} 46. Ra7 {[%clk 0:09:54]} Qxa7 {[%clk 0:06:06]} 47.
Qxa7 {[%clk 0:09:43]} c2 {[%clk 0:06:26]} 48. b6 {[%clk 0:09:47]} c1Q+ {[%clk
0:06:46]} 49. Kh2 {[%clk 0:10:08]} Qf4+ {[%clk 0:05:13]} 50. Kg1 {[%clk 0:10:16]}
Rc1+ {[%clk 0:04:20]} 51. Kf2 {[%clk 0:10:35]} Qh4+ {[%clk 0:04:37]} 52. g3
{[%clk 0:09:31]} Rc2+ {[%clk 0:04:04]} 53. Ke3 {[%clk 0:09:34]} Qg5+ {[%clk
0:04:22]} 54. f4 {[%clk 0:09:51]} Qxg3# {[%clk 0:04:22]} 0-1

[Event "Campeonato España Sub 16"]
[Site "Salobreña"]
[Date "2017.07.28"]
[Round "8"]
[White "Lechuga Cabrero, Luis Miguel"]
[Black "Martinez Bernardo, Aitor"]
[Result "1-0"]
[Board "23"]
[WhiteClock "1:30"]
[WhiteElo "1979"]
[WhiteCountry "ESP"]
[WhiteFideId "22274693"]
[WhiteEloChange "5"]
[BlackClock "1:30"]
[BlackElo "1803"]
[BlackCountry "ESP"]
[BlackFideId "32010109"]
[BlackEloChange "-5"]

1. e4 {[%clk 1:30:00]} e5 {[%clk 1:30:00]} 2. Nf3 {[%clk 1:31:00]} d6 {[%clk
1:31:00]} 3. d4 {[%clk 1:31:00]} exd4 {[%clk 1:31:00]} 4. Nxd4 {[%clk 1:31:00]}
Nf6 {[%clk 1:31:00]} 5. Nc3 {[%clk 1:31:00]} Be7 {[%clk 1:31:00]} 6. Qf3 {[%clk
1:30:00]} c6 {[%clk 1:30:00]} 7. Nf5 {[%clk 1:29:00]} Bxf5 {[%clk 1:30:00]} 8.
Qxf5 {[%clk 1:30:00]} b5 {[%clk 1:28:00]} 9. Be3 {[%clk 1:28:00]} Nbd7 {[%clk
1:27:00]} 10. f3 {[%clk 1:21:00]} a5 {[%clk 1:26:00]} 11. a4 {[%clk 1:19:00]} b4
{[%clk 1:27:00]} 12. Ne2 {[%clk 1:20:00]} Ne5 {[%clk 1:25:00]} 13. Nd4 {[%clk
1:20:00]} Qc7 {[%clk 1:25:00]} 14. O-O-O {[%clk 1:19:00]} O-O {[%clk 1:24:00]}
15. h4 {[%clk 1:18:00]} Rfd8 {[%clk 1:02:00]} 16. h5 {[%clk 1:11:00]} d5 {[%clk
0:54:00]} 17. Bf4 {[%clk 1:07:00]} Bd6 {[%clk 0:53:00]} 18. Bg5 {[%clk 0:40:00]}
Be7 {[%clk 0:49:00]} 19. Bf4 {[%clk 0:16:41]} Bd6 {[%clk 0:49:00]} 20. h6 {[%clk
0:15:46]} Nd3+ {[%clk 0:39:00]} 21. Rxd3 {[%clk 0:15:55]} Bxf4+ {[%clk 0:39:00]}
22. Kb1 {[%clk 0:16:21]} Be5 {[%clk 0:39:00]} 23. Nxc6 {[%clk 0:11:54]} Qxc6
{[%clk 0:39:00]} 24. Qxe5 {[%clk 0:11:57]} dxe4 {[%clk 0:40:00]} 25. Qg5 {[%clk
0:09:39]} g6 {[%clk 0:39:00]} 26. fxe4 {[%clk 0:09:50]} Rxd3 {[%clk 0:40:00]} 27.
Bxd3 {[%clk 0:09:23]} Ne8 {[%clk 0:36:00]} 28. Rf1 {[%clk 0:08:32]} Qe6 {[%clk
0:35:00]} 29. Qc5 {[%clk 0:07:21]} Nd6 {[%clk 0:34:00]} 30. Qd4 {[%clk 0:07:21]}
1-0

[Event "Campeonato España Sub 16"]
[Site "Salobreña"]
[Date "2017.07.28"]
[Round "8"]
[White "Represa Perez, Mireya"]
[Black "Alonso Lazaro, Adrian"]
[Result "1-0"]
[Board "24"]
[WhiteClock "1:30"]
[WhiteTitle "WFM"]
[WhiteElo "1974"]
[WhiteCountry "ESP"]
[WhiteFideId "32010036"]
[WhiteEloChange "2"]
[BlackClock "1:30"]
[BlackElo "1599"]
[BlackCountry "ESP"]
[BlackFideId "32092733"]
[BlackEloChange "-2"]

1. e4 {[%clk 1:30:00]} c5 {[%clk 1:30:00]} 2. Nf3 {[%clk 1:31:00]} e6 {[%clk
1:30:00]} 3. g3 {[%clk 1:31:00]} Nc6 {[%clk 1:29:00]} 4. Bg2 {[%clk 1:31:00]} g6
{[%clk 1:28:00]} 5. O-O {[%clk 1:29:00]} Bg7 {[%clk 1:27:00]} 6. c3 {[%clk
1:27:00]} Nge7 {[%clk 1:24:00]} 7. Re1 {[%clk 1:25:00]} O-O {[%clk 1:22:00]} 8.
d4 {[%clk 1:24:00]} cxd4 {[%clk 1:22:00]} 9. cxd4 {[%clk 1:24:00]} d5 {[%clk
1:19:00]} 10. e5 {[%clk 1:20:00]} b6 {[%clk 1:16:00]} 11. Bf4 {[%clk 1:16:00]}
Ba6 {[%clk 1:09:00]} 12. Qd2 {[%clk 1:15:00]} Nf5 {[%clk 1:07:00]} 13. Na3 {[%clk
1:11:00]} Rc8 {[%clk 1:03:00]} 14. Nc2 {[%clk 1:10:00]} Na5 {[%clk 0:59:00]} 15.
b3 {[%clk 1:07:00]} Nc6 {[%clk 0:57:00]} 16. Bg5 {[%clk 1:01:00]} Qd7 {[%clk
0:53:00]} 17. g4 {[%clk 0:53:00]} Nfe7 {[%clk 0:50:00]} 18. Bf6 {[%clk 0:50:00]}
Rc7 {[%clk 0:47:00]} 19. Qf4 {[%clk 0:46:00]} Bd3 {[%clk 0:40:00]} 20. Ne3 {[%clk
0:44:00]} Be4 {[%clk 0:38:00]} 21. h4 {[%clk 0:35:00]} Rfc8 {[%clk 0:31:00]} 22.
Ng5 {[%clk 0:27:00]} Bh6 {[%clk 0:25:00]} 23. Rad1 {[%clk 0:19:36]} Nb4 {[%clk
0:20:00]} 24. Qh2 {[%clk 0:14:50]} Nd3 {[%clk 0:16:06]} 25. Rf1 {[%clk 0:15:11]}
Nb4 {[%clk 0:04:43]} 26. h5 {[%clk 0:14:06]} Bxg5 {[%clk 0:04:07]} 27. Bxg5
{[%clk 0:14:30]} Nc2 {[%clk 0:03:42]} 28. Qf4 {[%clk 0:13:20]} Qd8 {[%clk
0:01:33]} 29. Bxe4 {[%clk 0:08:49]} dxe4 {[%clk 0:01:34]} 30. Nc4 {[%clk
0:07:25]} Qf8 {[%clk 0:00:32]} 31. Bh6 {[%clk 0:07:37]} Qd8 {[%clk 0:00:34]} 32.
Qf6 {[%clk 0:07:33]} Nf5 {[%clk 0:00:42]} 33. Qxd8+ {[%clk 0:06:41]} Rxd8 {[%clk
0:01:07]} 34. gxf5 {[%clk 0:07:10]} exf5 {[%clk 0:01:21]} 35. hxg6 {[%clk
0:06:41]} fxg6 {[%clk 0:01:41]} 36. d5 {[%clk 0:05:05]} Nb4 {[%clk 0:01:38]} 37.
d6 {[%clk 0:05:21]} Rc5 {[%clk 0:01:55]} 38. e6 {[%clk 0:05:21]} 1-0

[Event "Campeonato España Sub 16"]
[Site "Salobreña"]
[Date "2017.07.28"]
[Round "8"]
[White "Jausas Lopez, Andrea"]
[Black "Toquero Gracia, Pau"]
[Result "1/2-1/2"]
[Board "25"]
[WhiteClock "1:30"]
[WhiteElo "1878"]
[WhiteCountry "ESP"]
[WhiteFideId "22274901"]
[WhiteEloChange "3"]
[BlackClock "1:30"]
[BlackElo "1971"]
[BlackCountry "ESP"]
[BlackFideId "32086296"]
[BlackEloChange "-3"]

1. d4 {[%clk 1:30:00]} Nf6 {[%clk 1:30:00]} 2. Bf4 {[%clk 1:29:00]} g6 {[%clk
1:31:00]} 3. e3 {[%clk 1:27:00]} Bg7 {[%clk 1:31:00]} 4. Bd3 {[%clk 1:26:00]} d6
{[%clk 1:31:00]} 5. c3 {[%clk 1:19:00]} O-O {[%clk 1:30:00]} 6. Nf3 {[%clk
0:59:00]} Re8 {[%clk 1:29:00]} 7. e4 {[%clk 0:57:00]} e5 {[%clk 1:24:00]} 8. dxe5
{[%clk 0:52:00]} dxe5 {[%clk 1:25:00]} 9. Bg5 {[%clk 0:52:00]} Qd6 {[%clk
1:23:00]} 10. Qe2 {[%clk 0:48:00]} Be6 {[%clk 1:16:00]} 11. Na3 {[%clk 0:48:00]}
c6 {[%clk 1:14:00]} 12. Nc4 {[%clk 0:43:00]} Bxc4 {[%clk 1:15:00]} 13. Bxc4
{[%clk 0:43:00]} Nbd7 {[%clk 1:12:00]} 14. O-O {[%clk 0:41:00]} Nc5 {[%clk
1:11:00]} 15. Rfd1 {[%clk 0:39:00]} Qc7 {[%clk 1:10:00]} 16. Bxf6 {[%clk
0:39:00]} Bxf6 {[%clk 1:11:00]} 17. b4 {[%clk 0:37:00]} Ne6 {[%clk 1:06:00]} 18.
g3 {[%clk 0:36:00]} Qe7 {[%clk 0:57:00]} 19. a3 {[%clk 0:34:00]} Rad8 {[%clk
0:55:00]} 20. Rxd8 {[%clk 0:34:00]} Rxd8 {[%clk 0:55:00]} 21. Rd1 {[%clk
0:34:00]} Rd6 {[%clk 0:49:00]} 22. Rxd6 {[%clk 0:31:00]} Qxd6 {[%clk 0:50:00]}
23. Qd2 {[%clk 0:28:00]} Qxd2 {[%clk 0:49:00]} 24. Nxd2 {[%clk 0:29:00]} Nc7
{[%clk 0:47:00]} 25. a4 {[%clk 0:27:00]} Ne8 {[%clk 0:46:00]} 26. Kf1 {[%clk
0:25:00]} Nd6 {[%clk 0:46:00]} 27. Bd3 {[%clk 0:25:00]} Bd8 {[%clk 0:43:00]} 28.
Nc4 {[%clk 0:24:00]} Nxc4 {[%clk 0:43:00]} 29. Bxc4 {[%clk 0:24:00]} Kf8 {[%clk
0:43:00]} 30. Ke2 {[%clk 0:24:00]} Ke7 {[%clk 0:44:00]} 31. h3 {[%clk 0:19:58]}
h6 {[%clk 0:40:00]} 32. Kd3 {[%clk 0:17:12]} Bb6 {[%clk 0:39:00]} 33. Ke2 {[%clk
0:17:06]} Bc7 {[%clk 0:38:00]} 34. Kd3 {[%clk 0:17:06]} 1/2-1/2

[Event "Campeonato España Sub 16"]
[Site "Salobreña"]
[Date "2017.07.28"]
[Round "8"]
[White "Reyes Lopez, Angel"]
[Black "Martinez Fernandez, Adrian"]
[Result "0-1"]
[Board "26"]
[WhiteClock "1:30"]
[WhiteElo "1729"]
[WhiteCountry "ESP"]
[WhiteFideId "24552356"]
[WhiteEloChange "-2"]
[BlackClock "1:30"]
[BlackElo "2111"]
[BlackCountry "ESP"]
[BlackFideId "32049048"]
[BlackEloChange "2"]

1. e4 {[%clk 1:30:00]} c5 {[%clk 1:30:00]} 2. Nf3 {[%clk 1:31:00]} d6 {[%clk
1:31:00]} 3. d4 {[%clk 1:31:00]} cxd4 {[%clk 1:31:00]} 4. Nxd4 {[%clk 1:32:00]}
Nf6 {[%clk 1:31:00]} 5. Nc3 {[%clk 1:32:00]} a6 {[%clk 1:32:00]} 6. Bg5 {[%clk
1:32:00]} Nbd7 {[%clk 1:32:00]} 7. Bc4 {[%clk 1:29:00]} e5 {[%clk 1:30:00]} 8.
Nf5 {[%clk 1:23:00]} Nb6 {[%clk 1:27:00]} 9. Bb3 {[%clk 1:20:00]} Bxf5 {[%clk
1:11:00]} 10. exf5 {[%clk 1:19:00]} Be7 {[%clk 1:11:00]} 11. Bxf6 {[%clk
1:09:00]} Bxf6 {[%clk 1:12:00]} 12. Nd5 {[%clk 1:10:00]} Nd7 {[%clk 1:10:00]} 13.
Nxf6+ {[%clk 1:08:00]} Nxf6 {[%clk 1:07:00]} 14. O-O {[%clk 1:07:00]} O-O {[%clk
1:08:00]} 15. Re1 {[%clk 1:07:00]} Qc7 {[%clk 1:06:00]} 16. g4 {[%clk 1:01:00]}
h6 {[%clk 1:00:00]} 17. h4 {[%clk 1:00:00]} Nh7 {[%clk 1:00:00]} 18. Qf3 {[%clk
0:58:00]} Qe7 {[%clk 0:58:00]} 19. Qg3 {[%clk 0:58:00]} Qf6 {[%clk 0:57:00]} 20.
Rad1 {[%clk 0:56:00]} Rfd8 {[%clk 0:56:00]} 21. c3 {[%clk 0:52:00]} Rac8 {[%clk
0:53:00]} 22. Re4 {[%clk 0:51:00]} Re8 {[%clk 0:42:00]} 23. Kh2 {[%clk 0:40:00]}
Nf8 {[%clk 0:37:00]} 24. Rb4 {[%clk 0:32:00]} Rc7 {[%clk 0:35:00]} 25. Bc2 {[%clk
0:33:00]} g5 {[%clk 0:31:00]} 26. fxg6 {[%clk 0:32:00]} Nxg6 {[%clk 0:30:00]} 27.
g5 {[%clk 0:30:00]} hxg5 {[%clk 0:30:00]} 28. hxg5 {[%clk 0:30:00]} Qe7 {[%clk
0:30:00]} 29. Bxg6 {[%clk 0:28:00]} fxg6 {[%clk 0:30:00]} 30. Rh4 {[%clk
0:28:00]} Qe6 {[%clk 0:29:00]} 31. Kg2 {[%clk 0:27:00]} Rf7 {[%clk 0:27:00]} 32.
Rdh1 {[%clk 0:25:00]} Qd5+ {[%clk 0:26:00]} 33. Kf1 {[%clk 0:25:00]} Kf8 {[%clk
0:27:00]} 34. Rh8+ {[%clk 0:25:00]} Ke7 {[%clk 0:27:00]} 35. R8h7 {[%clk
0:24:00]} Rf8 {[%clk 0:26:00]} 36. a3 {[%clk 0:23:00]} Qb5+ {[%clk 0:24:00]} 37.
Kg2 {[%clk 0:21:00]} Qxb2 {[%clk 0:24:00]} 38. R1h6 {[%clk 0:21:00]} Qe2 {[%clk
0:23:00]} 39. Kg1 {[%clk 0:19:20]} Qe1+ {[%clk 0:22:00]} 40. Kg2 {[%clk 0:19:36]}
Qe4+ {[%clk 0:22:00]} 41. Kg1 {[%clk 0:19:51]} Ke6 {[%clk 0:21:00]} 42. Rxf7
{[%clk 0:19:34]} Rxf7 {[%clk 0:21:00]} 43. Rh4 {[%clk 0:18:43]} Rf4 {[%clk
0:19:56]} 44. Rxf4 {[%clk 0:16:42]} exf4 {[%clk 0:20:00]} 45. Qg4+ {[%clk
0:16:35]} Qf5 {[%clk 0:19:59]} 46. Qe2+ {[%clk 0:16:17]} Kd7 {[%clk 0:20:00]} 47.
Qc4 {[%clk 0:16:06]} Qxg5+ {[%clk 0:20:00]} 48. Kf1 {[%clk 0:16:38]} Qb5 {[%clk
0:20:00]} 0-1